000 00723nam a2200241 i 4500
001 bgj
245 1 0 _aMeyers grosses Taschenlexikon :
_bin 26 Bänden.
_chrsg. und bearb. von Meyers Lexikonredaktion ; red. Leitung Annette Zwahr
_nBd. 6,
_pEih-Fau /
250 _aWyd. 9.
260 _aMannheim :
_bMeyer,
_c2003.
300 _aS. 1669-2016 :
_bil. ;
_c20 cm.
650 9 _aJęzyk niemiecki
655 _aSłowniki
700 1 _aZWAHR, Annette.
710 1 _aBibliographisches Institut
_bLexikonredaktion
_cMannheim.
020 _a3411110694
040 _cBPK
041 0 _ager
044 _aDEU
080 _a811.112.2(03)
920 _a3-411-11069-4
942 _cKS
008 s gw f |000 0 ger
999 _c49375
_d49375
856 _uhttp://koha.tu.koszalin.pl/cgi-bin/koha/opac-detail.pl?biblionumber=49375
_yKatalog online BPK